Statystyki dla ZetHa - Bohaterowie Podwórek

Kliknij tutaj aby rozwiązać quiz!

Ogólne statystyki

  • Ten quiz został rozwiązany 9 razy
  • Średni wynik to 5 z 10

Statystyki odpowiedzi

NumerProducentGośćUtwór% Poprawnych
1BLBEATZBohaterowie Podwórek
88%
6CultenRetoNie bierz (ze mnie przykładu)
75%
9PLN.BEATZAgrest
50%
7CultenHołota
50%
8BLBEATZJakbym (Remix)
50%
10CultenPijaczyna i ćpunek
50%
2BLBEATZOlszakumpelBól
38%
5BLBEATZZmywak
38%
4BLBEATZKołysanka
13%
3CultenUps, ups
13%

Rozkład punktacji

Percentyl według liczby udzielonych odpowiedzi

Procent ludzi z każdym wynikiem

Twoja historia wyników

Nie rozwiązałeś tego quizu